Голос средней школы (Запись № 10632765)

Подробности
000 -МАРКЕР
контрольное поле 01569nas0a22003011i 4500
001 - ИДЕНТИФИКАТОР ЗАПИСИ
контрольное поле RU\NLR\DRGNLR\1132
005 - ИДЕНТИФИКАТОР ВЕРСИИ
контрольное поле 20240729012438.0
035 ## - ДРУГИЕ СИСТЕМНЫЕ НОМЕРА
Идентификатор записи (NLR Aleph) 010309703
100 ## - ДАННЫЕ ОБЩЕЙ ОБРАБОТКИ
Данные общей обработки 20080514b1916 u y0rusy50 ca
101 0# - ЯЗЫК РЕСУРСА
Язык текста, звукозаписи и т.д. русский
102 ## - СТРАНА ПУБЛИКАЦИИ ИЛИ ПРОИЗВОДСТВА
Страна публикации Российская Федерация
110 ## - ПОЛЕ КОДИРОВАННЫХ ДАННЫХ: ПРОДОЛЖАЮЩИЕСЯ РЕСУРСЫ
Кодированные данные продолжающегося ресурса cya||||||||
200 1# - ЗАГЛАВИЕ И СВЕДЕНИЯ ОБ ОТВЕТСТВЕННОСТИ
Основное заглавие Голос средней школы
Сведения, относящиеся к заглавию Еженед. газ., посвящ. жизни сред. шк.
Первые сведения об ответственности Ред.-изд. Л.Н.Гроздова
210 ## - ПУБЛИКАЦИЯ, РАСПРОСТРАНЕНИЕ И ДР.
Место издания, распространения и т.д. Киев
Дата издания, распространения и т.д. 1916, 6 окт - 19 дек
311 ## - ПРИМЕЧАНИЯ, ОТНОСЯЩИЕСЯ К ПОЛЯМ СВЯЗИ (ПРИМЕЧАНИЯ О СВЯЗИ С ДРУГИМИ ПРОИЗВЕДЕНИЯМИ (ИЗДАНИЯМИ))
Текст примечания С 21 марта 1917 изд. газ. "Голос свободной школы" (см. )
488 #0 - ДРУГИЕ ВЗАИМОСВЯЗАННЫЕ ПРОИЗВЕДЕНИЯ (ДОКУМЕНТЫ)
Встроенное поле 001RU\NLR\DRGNLR\1115
-- 2001#$aГолос свободной школы$eЕженед. газ., посвящ. жизни сред. шк. Изд. Центр. представ. ком. сред.-учеб. заведений г. Киева
Системный номер (АБИС) связанной записи 10632708
Место публикации Киев
Дата публикации 1917, 21 марта - 2 мая
Сведения, относящиеся к заглавию Еженед. газ., посвящ. жизни сред. шк. Изд. Центр. представ. ком. сред.-учеб. заведений г. Киева
Заглавие Голос свободной школы
540 1# - ДОПОЛНИТЕЛЬНОЕ ЗАГЛАВИЕ, ПРИМЕНЯЕМОЕ КАТАЛОГИЗАТОРОМ
Заглавие Голос средней школы
702 #1 - ИМЯ ЛИЦА - ВТОРИЧНАЯ ОТВЕТСТВЕННОСТЬ
Начальный элемент ввода Гроздова
Часть имени, кроме начального элемента ввода Лид. Ник.
Код отношения Редактор
801 #0 - ИСТОЧНИК ЗАПИСИ
Страна Российская Федерация
Организация NLR
Дата составления 20080514
Правила каталогизации PSBO
Источник данных gzdor_isis
801 #2 - ИСТОЧНИК ЗАПИСИ
Страна Российская Федерация
Организация NLR
Дата составления 20080514
Правила каталогизации PSBO
Источник данных rusmarc
852 ## - МЕСТОНАХОЖДЕНИЕ И ШИФР ХРАНЕНИЯ
Идентификатор организации NLR
Шифр хранения (Call Number) 1-Р/1-Ки-76
942 ## - ДОПОЛНИТЕЛЬНЫЕ ЭЛЕМЕНТЫ ЗАПИСИ (АБИС)
Тип экземпляра АБИС Газета
980 ## - КОЛЛЕКЦИЯ
Название коллекции Газеты России (1703 - 1917)

Нет доступных экземпляров.